00390nam a2200169Ia 4500008004100000020001800041050001400059100001700073245002300090245001700113260001500130260001700145260000900162300001400171300002500185300001000210180207s9999 xx 000 0 und d a9789810738624 bW177 2008 aWalker, Anna aI love birthdays / cAnna Walker. aNew York : bScholastic,  c2008 aunpaged : bcolor illustration ; c19cm.